[Event "Tourn. n8075"]
[Site "www.chess-mail.com"]
[Date "2015.03.02"]
[Round "1"]
[White "Maredocla"]
[Black "Cristero"]
[WhiteElo "2000"]
[BlackElo "2120"]
[Result "0-1"]
[Round "1"]
1.f4 c5
2.Ng1f3 g6
3.e3 Bf8g7
4.Bf1c4 Ng8f6
5.c3 O-O
6.O-O d5
7.Bc4b5 a6
8.Bb5a4 b5
9.Ba4c2 Nb8c6
10.d4 c4
11.h3 Bc8f5
12.Bc2xf5 gxf5
13.Qd1e1 Nf6e4
14.Nb1d2 e6
15.Nd2xe4 fxe4
16.Qe1g3 exf3
17.Rf1xf3 Nc6e7
18.Qg3g4 Ne7f5
19.Rf3f2 Qd8f6
20.Bc1d2 Qf6g6
21.Qg4e2 Nf5g3
22.Qe2e1 Ng3e4
23.Rf2f3 Kh8
24.Ra1d1 Rf8g8
25.Qe1e2 Bg7f6
26.Rd1f1 Rg8g7
27.g4 Ra8g8
28.Kh2 a5
29.Bd2e1 Bf6e7
30.f5 Be7d6
31.Kg2 Qg6h6
32.Rf1h1 exf5
33.Rf3xf5 Qh6e6
34.Be1h4 Qe6xf5
35.Rh1f1 Rg7xg4
36.Kh1 Rg4g1
{ resign }
0-1

[Event "Tourn. n8001"]
[Site "www.chess-mail.com"]
[Date "2015.03.02"]
[Round "1"]
[White "Tartan"]
[Black "Stepanpech"]
[WhiteElo "2360"]
[BlackElo "2420"]
[Result "1-0"]
[Round "1"]
1.d4 Ng8f6
2.c4 e6
3.Nb1c3 Bf8b4
4.Qd1c2 O-O
5.a3 Bb4xc3
6.Qc2xc3 b6
7.Bc1g5 Bc8b7
{ time. }
1-0

[Event "Tourn. n7982"]
[Site "www.chess-mail.com"]
[Date "2015.03.02"]
[Round "1"]
[White "Spitzer"]
[Black "Passaroa25"]
[WhiteElo "1580"]
[BlackElo "1510"]
[Result "0-1"]
[Round "1"]
1.e4 e6
2.d4 Ng8e7
3.Ng1f3 f6
4.Nb1c3 c6
5.d5 Ne7g6
6.Bf1c4 Bf8c5
7.O-O Bc5b6
8.Nc3a4 Bb6c7
9.Na4c5 e5
10.Bc1e3 d6
11.Nc5d3 c5
12.Qd1d2 Nb8d7
13.a4 Nd7b6
14.Bc4b5 Bc8d7
15.b3 O-O
16.c4 Bd7e8
17.Bb5xe8 Qd8xe8
18.a5 Nb6d7
19.b4 a6
20.bxc5 Qe8e7
21.Qd2b4 Ra8b8
22.Qb4a3 dxc5
23.Nd3xc5 Bc7d6
{ resign }
0-1

[Event "Tourn. n7977"]
[Site "www.chess-mail.com"]
[Date "2015.03.02"]
[Round "1"]
[White "Syd"]
[Black "Attatroll"]
[WhiteElo "2220"]
[BlackElo "2080"]
[Result "1-0"]
[Round "1"]
1.e4 d6
2.d4 Ng8f6
3.Nb1c3 g6
4.Bf1e2 Bf8g7
5.Bc1e3 O-O
6.Qd1d2 Nf6g4
7.Be2xg4 Bc8xg4
8.f3 Bg4d7
9.h4 Nb8c6
10.O-O-O e5
11.d5 Nc6e7
12.Be3h6 f5
13.Bh6xg7 Kxg7
14.h5 f4
15.hxg6 hxg6
16.g4 Rf8h8
17.Ng1h3 Qd8f8
18.Qd2g2 a6
19.Nh3f2 Qf8f7
20.Rh1xh8 Ra8xh8
21.Rd1h1 Qf7g8
22.Nf2d3 Rh8xh1
23.Qg2xh1 Qg8h7
24.Qh1xh7 Kxh7
25.Kd2 Kh6
26.Nd3e1 Kg5
27.Ne1g2 Ne7c8
28.b3 Nc8b6
29.Nc3d1 a5
30.c4 a4
31.Nd1f2 axb3
32.axb3 Bd7e8
33.Kc3 Nb6d7
34.b4 Nd7b6
35.Nf2d3 Nb6a4
36.Kb3 b5
37.c5 dxc5
38.Nd3xc5 Na4xc5
39.bxc5 Kf6
40.Kb4 g5
41.c6 Ke7
42.Kxb5 Kd8
43.Ng2e1 Ke7
44.Ne1d3 Kd6
45.Nd3b2 Be8g6
46.Nb2c4 Ke7
47.Nc4xe5 Bg6e8
48.Kc5 Kf6
49.Ne5d3 Be8g6
50.e5 Ke7
51.Nd3f2 Bg6c2
52.Nf2h3 Bc2d1
53.Nh3xg5 Bd1e2
54.d6 { resign }
1-0

[Event "Tourn. n8111"]
[Site "www.chess-mail.com"]
[Date "2015.03.02"]
[Round "1"]
[White "Hali"]
[Black "Gorgo"]
[WhiteElo "2200"]
[BlackElo "2230"]
[Result "0-1"]
[Round "1"]
1.e4 c5
2.Ng1f3 d6
3.d4 cxd4
4.Nf3xd4 e5
5.Nd4b5 Bf8e7
6.Nb1c3 a6
7.Nb5a3 Bc8e6
8.Nc3d5 Ng8f6
9.Nd5xf6 Be7xf6
10.Bf1c4 O-O
11.c3 b5
12.Bc4d5 Be6xd5
13.Qd1xd5 Nb8d7
14.Qd5xd6 Bf6e7
15.Qd6d3 Be7xa3
16.bxa3 Nd7c5
17.Qd3e3 Nc5d3
18.Kf1 f5
19.exf5 Rf8xf5
20.f3 e4
21.Qe3d4 Qd8h4
22.Bc1e3 Ra8d8
23.Be3f2 Rf5xf3
24.gxf3 Qh4h3
25.Kg1 Rd8xd4
26.Bf2xd4 exf3
{ resign }
0-1

[Event "Match"]
[Site "www.echecsemail.com"]
[Date "2015.03.02"]
[Round "1"]
[White "Neo"]
[Black "Umzi"]
[WhiteElo "1760"]
[BlackElo "2100"]
[Result "0-1"]
[Round "1"]
1.d4 d5
2.e3 Ng8f6
3.h3 Nb8c6
4.Bf1b5 a6
5.Bb5xc6 bxc6
6.Ng1f3 e6
7.Nf3e5 c5
8.c3 cxd4
9.cxd4 Bf8b4
10.Bc1d2 Bb4xd2
11.Nb1xd2 O-O
12.O-O Qd8d6
13.Qd1c2 Bc8b7
14.a3 Nf6d7
15.Nd2f3 f6
16.Ne5xd7 Qd6xd7
17.b4 a5
18.Qc2c3 axb4
19.Qc3xb4 Bb7a6
20.a4 Ba6xf1
21.Kxf1 Rf8b8
22.Qb4c5 Rb8c8
23.a5 Ra8a6
24.Nf3d2 Ra6c6
25.Qc5b4 Qd7d6
26.Qb4b7 Qd6d7
27.Ra1b1 Rc6d6
28.a6 Qd7d8
29.a7 Rd6b6
30.Rb1xb6 cxb6
31.Nd2b3 Kf8
32.h4 h6
33.g3 Kg8
34.Kg2 Kh7
35.Nb3d2 Kg6
36.g4 b5
37.h5 Kh7
38.Qb7f7 Qd8b6
39.Qf7g6 Kg8
40.Qg6b1 Rc8a8
41.Qb1c1 Ra8xa7
42.Qc1c8 Kh7
43.Qc8e8 Qb6d6
44.f4 Ra7a2
45.Qe8g6 Kg8
46.Qg6d3 Qd6b4
47.Kf1 Qb4xd2
48.Qd3xd2 Ra2xd2
49.Ke1 Rd2c2
50.Kd1 Rc2c8
{ resign }
0-1

[Event "Match"]
[Site "www.echecsemail.com"]
[Date "2015.03.02"]
[Round "1"]
[White "Nugun"]
[Black "Norbos"]
[WhiteElo "1580"]
[BlackElo "1690"]
[Result "1-0"]
[Round "1"]
1.c4 d6
2.Nb1c3 e5
3.g3 Ng8f6
4.Bf1g2 c6
5.Ng1f3 Bc8f5
6.d3 d5
7.Nf3xe5 Bf8b4
8.Qd1a4 Qd8e7
9.Bc1f4 O-O
10.cxd5 Nf6xd5
11.Bg2xd5 cxd5
12.Ra1c1 d4
13.O-O dxc3
14.bxc3 Bb4c5
15.e4 Bf5h3
16.Rf1d1 Nb8c6
17.Ne5xc6 bxc6
18.Qa4xc6 Ra8d8
19.d4 Bc5b6
20.Rc1b1 Qe7xe4
21.Qc6xe4 { resign }
1-0

[Event "Match"]
[Site "www.echecsemail.com"]
[Date "2015.03.02"]
[Round "1"]
[White "Gilliere"]
[Black "F14"]
[WhiteElo "1850"]
[BlackElo "1599"]
[Result "0-1"]
[Round "1"]
1.e4 e5
2.Ng1f3 Nb8c6
3.Bf1b5 Ng8f6
4.Bb5xc6 dxc6
5.h3 Nf6xe4
6.Qd1e2 Ne4f6
7.Qe2xe5 Bf8e7
8.O-O O-O
9.d3 Be7d6
10.Qe5c3 Bc8e6
11.Bc1g5 Bd6e7
12.Qc3e1 Nf6d5
13.Bg5xe7 Qd8xe7
14.Nb1d2 Qe7f6
15.c3 Qf6g6
16.Nf3h4 Qg6g5
17.Nd2f3 Qg5f6
18.d4 g5
19.Nf3xg5 Qf6xg5
20.Nh4f3 Qg5g6
21.Kh1 Nd5f4
22.Rf1g1 Qg6h5
23.Qe1e5 Qh5xe5
24.Nf3xe5 f6
25.Ne5f3 Be6d5
26.Nf3h4 Kh8
27.Nh4f5 Rf8g8
28.f3 Ra8e8
29.Nf5h6 Rg8g7
30.Nh6g4 Re8e7
31.Ng4xf6 Re7e2
32.Nf6xd5 cxd5
33.Ra1b1 Nf4xg2
34.a4 Ng2f4
35.Rg1xg7 Kxg7
36.Rb1g1 Kf6
37.b4 Nf4xh3
38.Rg1g8 Re2e7
39.Kg2 Nh3f4
40.Kg3 Nf4e2
41.Kg4 Ne2xc3
42.Rg8f8 Kg7
43.Rf8b8 c6
44.a5 a6
45.f4 Nc3a2
46.f5 Na2xb4
47.Kg5 h6
48.Kh5 Nb4c2
49.f6 Kxf6
50.Kxh6 Nc2xd4
51.Rb8f8 Ke6
52.Rf8f1 Nd4f5
53.Kh5 Nf5g3
{ resign }
0-1

[Event "Match"]
[Site "www.echecsemail.com"]
[Date "2015.03.02"]
[Round "1"]
[White "Vattila2010"]
[Black "Kai1"]
[WhiteElo "1830"]
[BlackElo "1650"]
[Result "1-0"]
[Round "1"]
1.e4 e5
2.c3 Ng8f6
3.f3 d5
4.d3 Bf8d6
5.Bc1g5 Bc8e6
6.exd5 Be6xd5
7.c4 Bd5e6
8.a3 O-O
9.b4 b6
10.b5 a6
11.a4 Be6d7
12.g4 c6
13.Nb1c3 Bd6b4
14.Qd1b3 Bb4xc3
{ time. }
1-0

[Event "Match"]
[Site "www.echecsemail.com"]
[Date "2015.03.02"]
[Round "1"]
[White "Fangshuo"]
[Black "F14"]
[WhiteElo "2010"]
[BlackElo "1599"]
[Result "1-0"]
[Round "1"]
1.e4 e5
2.Ng1f3 Nb8c6
3.d4 d6
4.d5 Nc6e7
5.Bc1g5 h6
6.Bg5h4 g5
7.Bh4g3 Bc8g4
8.h3 Bg4h5
9.Bf1e2 Bh5g6
10.Nb1c3 f5
11.Nf3d2 Qd8d7
12.f3 f4
13.Bg3f2 O-O-O
14.Bf2xa7 c6
15.Ba7b6 Rd8e8
16.dxc6 Ne7xc6
17.Be2b5 Bf8e7
18.Nc3d5 Be7d8
19.Nd2c4 Kb8
20.c3 Bd8xb6
21.Nc4xb6 Qd7d8
22.Qd1a4 Nc6a7
23.Nb6d7 { resign }
1-0

[Event "Match"]
[Site "www.echecsemail.com"]
[Date "2015.03.02"]
[Round "1"]
[White "Huaren"]
[Black "Bawdiness"]
[WhiteElo "1499"]
[BlackElo "1499"]
[Result "0-1"]
[Round "1"]
1.e4 c5
2.Ng1f3 Nb8c6
3.Bf1b5 g6
4.c3 Bf8g7
5.O-O Ng8f6
6.Rf1e1 O-O
7.d4 d6
8.Bb5xc6 bxc6
9.e5 Nf6d7
10.Bc1f4 Qd8b6
11.b3 d5
12.a3 Bc8a6
13.b4 cxd4
14.cxd4 f6
15.e6 Nd7b8
16.Nb1c3 Ba6c8
17.Qd1d2 Nb8a6
18.b5 Na6c7
19.Bf4xc7 Qb6xc7
20.Nc3a4 cxb5
21.Na4c5 f5
22.Ra1b1 a6
23.h4 Qc7d6
24.g3 Rf8f6
25.Nf3g5 Bg7h6
26.Qd2e2 Bh6xg5
27.hxg5 Rf6f8
28.Qe2e3 f4
29.gxf4 Qd6xf4
30.Qe3xf4 Rf8xf4
31.Nc5b3 Rf4g4
32.Kh2 Rg4xg5
33.Nb3d2 Rg5f5
34.f3 Rf5f6
{ resign }
0-1

[Event "Match"]
[Site "www.echecsemail.com"]
[Date "2015.03.02"]
[Round "1"]
[White "Ditto"]
[Black "Georgepapi"]
[WhiteElo "1640"]
[BlackElo "1860"]
[Result "0-1"]
[Round "1"]
1.e4 e5
2.Ng1f3 Nb8c6
3.Bf1c4 Bf8c5
4.d3 Ng8f6
5.Bc1g5 d6
6.O-O Bc8g4
7.Nb1d2 O-O
8.c3 h6
9.Bg5h4 a6
10.Qd1b3 Nc6a5
11.Qb3a4 Na5xc4
12.Qa4xc4 b5
13.Qc4b3 Rf8e8
14.Rf1e1 Qd8d7
15.Bh4xf6 gxf6
16.Qb3c2 Kh8
17.d4 exd4
18.cxd4 Bc5b6
19.d5 Re8g8
20.Qc2c3 Qd7e7
21.Ra1b1 a5
22.Nf3h4 Qe7e5
23.Qc3d3 Ra8b8
24.Qd3xb5 Bb6xf2
25.Kxf2 Rb8xb5
26.b3 Qe5f4
27.Kg1 Qf4xd2
28.a4 Rb5b4
29.h3 Bg4xh3
30.Re1f1 Rg8xg2
31.Nh4xg2 Qd2xg2
{ resign }
0-1

[Event "Match"]
[Site "www.echecsemail.com"]
[Date "2015.03.02"]
[Round "1"]
[White "Blackpool"]
[Black "Castletyme"]
[WhiteElo "1720"]
[BlackElo "1900"]
[Result "1-0"]
[Round "1"]
1.e4 e6
2.d4 d5
3.exd5 exd5
4.Bf1d3 Ng8f6
5.Bc1f4 Bc8g4
6.f3 Bg4h5
7.Ng1e2 Nb8c6
8.c3 Qd8d7
9.O-O O-O-O
10.Ne2g3 g6
11.Bf4g5 Bf8g7
12.Ng3xh5 gxh5
13.Nb1a3 Kb8
14.Rf1e1 Rd8e8
15.Qd1d2 Re8xe1
16.Ra1xe1 h6
17.Bg5xf6 Bg7xf6
18.Bd3b5 Qd7d6
19.Bb5xc6 Qd6xc6
20.Qd2d3 Rh8e8
21.Re1xe8 Qc6xe8
22.Kf1 Bf6g5
23.b3 Qe8e3
24.Qd3xe3 Bg5xe3
25.Ke2 Be3g5
26.Na3c2 h4
27.g3 f5
28.f4 Bg5f6
29.Kf3 hxg3
30.hxg3 b6
31.Nc2e3 c5
32.Ne3xd5 Bf6g7
33.Nd5e7 cxd4
34.cxd4 Bg7xd4
35.Ne7xf5 Bd4c5
36.Nf5xh6 { resign }
1-0

[Event "Match"]
[Site "www.echecsemail.com"]
[Date "2015.03.02"]
[Round "1"]
[White "Darknight"]
[Black "Sorren"]
[WhiteElo "1720"]
[BlackElo "1840"]
[Result "0-1"]
[Round "1"]
1.e4 e5
2.Bf1c4 Ng8f6
3.d3 Nb8c6
4.c3 d6
5.h3 Bf8e7
6.Bc1g5 O-O
7.a3 h6
8.Bg5e3 Bc8e6
9.Nb1d2 Rf8e8
10.Ng1f3 a6
11.Ke2 b5
12.Bc4b3 Nc6a5
13.Bb3xe6 fxe6
14.Qd1b1 c5
15.b4 cxb4
16.axb4 Na5c6
17.Qb1b3 Qd8d7
18.Ra1g1 d5
19.g4 d4
20.cxd4 exd4
21.Be3f4 Nf6h7
22.h4 Be7xb4
23.Nd2f1 a5
24.h5 a4
25.Qb3c2 e5
26.Bf4c1 Bb4e7
27.Nf1g3 Re8f8
28.Ng3f5 b4
29.g5 Nh7xg5
30.Bc1xg5 Be7xg5
31.Nf3xg5 hxg5
32.Rg1xg5 b3
33.Qc2d2 Rf8f7
34.h6 Nc6e7
35.h7 Kh8
36.f3 a3
37.Rg5g1 Ne7xf5
38.exf5 Qd7xf5
39.Rg1g5 Qf5xf3
{ resign }
0-1

[Event "Match"]
[Site "www.echecsemail.com"]
[Date "2015.03.02"]
[Round "1"]
[White "Nugun"]
[Black "F14"]
[WhiteElo "1530"]
[BlackElo "1820"]
[Result "0-1"]
[Round "1"]
1.c4 e5
2.Nb1c3 Ng8f6
3.e3 Bf8e7
4.d4 exd4
5.exd4 O-O
6.Ng1f3 Rf8e8
7.g3 d5
8.b3 Bc8g4
9.Bf1e2 Be7b4
10.Bc1d2 Bg4xf3
11.O-O Bb4xc3
12.Be2xf3 Bc3xa1
13.Qd1xa1 c6
14.c5 Nf6e4
15.Bd2f4 Nb8d7
16.Qa1c1 f5
17.g4 fxg4
18.Bf3xg4 Nd7f8
19.Bf4e5 Nf8g6
20.Be5g3 Ne4xg3
21.Rf1e1 Ng3e4
22.b4 Qd8f6
23.f3 Ne4g5
24.Re1e3 Qf6xd4
25.Kg2 Qd4xe3
{ resign }
0-1

[Event "Match"]
[Site "www.echecsemail.com"]
[Date "2015.03.02"]
[Round "1"]
[White "Pariolinius"]
[Black "F14"]
[WhiteElo "1880"]
[BlackElo "1599"]
[Result "0-1"]
[Round "1"]
1.d4 Ng8f6
2.c4 g6
3.Nb1c3 Bf8g7
4.Ng1f3 d5
5.e3 O-O
6.Bf1e2 dxc4
7.Be2xc4 Bc8f5
8.O-O c6
9.b4 a6
10.Ra1b1 Bf5xb1
11.Nc3xb1 Nb8d7
12.Nb1c3 Nd7b6
13.Bc4b3 Nb6d5
14.Nc3e2 e6
15.a3 Qd8c7
16.Qd1c2 Ra8c8
17.Qc2a2 Nf6e4
18.Bc1d2 b6
19.Rf1c1 Ne4xd2
20.Nf3xd2 Qc7e7
21.Nd2f3 Rf8d8
22.Nf3e5 Bg7xe5
23.dxe5 c5
24.e4 Nd5c7
{ resign }
0-1

[Event "Match"]
[Site "www.echecsemail.com"]
[Date "2015.03.02"]
[Round "1"]
[White "Chapi"]
[Black "Generalfree"]
[WhiteElo "1980"]
[BlackElo "1760"]
[Result "1-0"]
[Round "1"]
1.d4 Ng8f6
2.c4 d5
3.cxd5 Qd8xd5
4.Nb1c3 Qd5a5
5.Bc1d2 Nf6d5
6.e4 Nd5xc3
7.bxc3 h5
8.Ng1f3 f6
9.c4 Qa5b6
10.Bf1d3 e6
11.O-O Bf8b4
12.Bd2xb4 Qb6xb4
13.Qd1b3 Qb4xb3
14.axb3 b6
15.e5 f5
16.d5 exd5
17.cxd5 c6
18.d6 O-O
19.Rf1e1 Bc8e6
20.Bd3c4 Be6xc4
21.bxc4 Rf8e8
22.e6 a5
23.Ra1b1 Ra8a6
24.d7 Nb8xd7
25.exd7 Re8d8
26.Re1e8 { resign }
1-0

[Event "Match"]
[Site "www.echecsemail.com"]
[Date "2015.03.02"]
[Round "1"]
[White "Nestor"]
[Black "Xkafi"]
[WhiteElo "2090"]
[BlackElo "1970"]
[Result "1-0"]
[Round "1"]
1.e4 e5
2.Nb1c3 Bf8c5
3.Bf1c4 d6
4.Ng1e2 Qd8h4
5.Ne2g3 Ng8f6
6.O-O Nf6g4
7.h3 Ng4xf2
8.Rf1xf2 Qh4xg3
9.Qd1f3 Bc5xf2
10.Qf3xf2 Qg3g6
11.Nc3d5 Kd8
12.d3 Bc8xh3
13.Qf2h4 f6
14.Qh4xh3 h5
15.Qh3h4 Nb8c6
16.Bc1e3 Qg6h7
17.Ra1f1 Nc6d4
18.Nd5xf6 gxf6
19.Qh4xf6 Kd7
20.Be3xd4 exd4
21.Qf6e6 Kd8
22.Rf1f7 Qh7xf7
23.Qe6xf7 Rh8e8
24.Bc4e6 Re8e7
25.Qf7f8 Re7e8
26.Qf8f6 Re8e7
27.Kh2 Ke8
28.Qf6h8 
1-0

[Event "Match"]
[Site "www.echecsemail.com"]
[Date "2015.03.02"]
[Round "1"]
[White "Ditto"]
[Black "Gorgo"]
[WhiteElo "1640"]
[BlackElo "1599"]
[Result "0-1"]
[Round "1"]
1.e4 c5
2.Bf1c4 e6
3.d3 d5
4.exd5 exd5
5.Bc4b3 Ng8f6
6.Bc1g5 Bf8e7
7.Ng1f3 h6
8.Bg5f4 O-O
9.O-O Be7d6
10.Bf4d2 Bc8e6
11.c3 Qd8b6
12.Bd2e3 Nb8c6
13.Rf1e1 Nf6g4
14.Be3d2 c4
15.dxc4 Bd6xh2
16.Nf3xh2 Qb6xf2
17.Kh1 Qf2h4
18.Bd2f4 Ng4f2
19.Kg1 Nf2xd1
20.Re1xd1 dxc4
21.Bb3c2 Qh4xf4
22.Rd1f1 Qf4e3
23.Kh1 Ra8d8
24.Bc2a4 Qe3e2
25.Nb1a3 Rd8d2
26.Rf1g1 Be6d5
27.Na3b5 Bd5xg2
28.Rg1xg2 Qe2xg2

0-1

[Event "Match"]
[Site "www.echecsemail.com"]
[Date "2015.03.02"]
[Round "1"]
[White "Mdesouza"]
[Black "Irene"]
[WhiteElo "1970"]
[BlackElo "1970"]
[Result "1-0"]
[Round "1"]
1.e4 c5
2.d4 cxd4
3.Ng1f3 e5
4.Nf3xe5 Qd8a5
5.Qd1d2 Qa5xe5
6.Bf1d3 Nb8c6
7.O-O Bf8b4
8.Qd2e2 Ng8f6
9.f4 Qe5c5
10.a3 Bb4a5
11.b4 Nc6xb4
12.axb4 Ba5xb4
13.Nb1a3 a6
14.Bc1b2 O-O
15.Na3c4 b5
16.Nc4e5 Rf8e8
17.Qe2f2 Bb4c3
18.Bb2xc3 Qc5xc3
19.Ra1e1 d6
20.Ne5f3 Nf6g4
21.Qf2xd4 Qc3xd4
22.Nf3xd4 Bc8d7
23.g3 Bd7c8
24.Re1e2 Bc8b7
25.Rf1b1 Ra8b8
26.Nd4f5 d5
27.e5 Re8e6
28.Nf5d6 Bb7c6
29.c4 dxc4
30.Bd3xc4 Rb8b6
31.Bc4xe6 fxe6
32.Rb1c1 h6
33.h3 h5
34.hxg4 hxg4
35.Nd6c8 Bc6f3
36.Re2h2 Rb6b8
37.Rc1c7 b4
38.Nc8e7 Kf7
39.Ne7c6 Kg6
40.Nc6xb8 b3
41.Nb8xa6 Bf3d5
42.Na6b4 Bd5e4
43.Rh2b2 Be4c2
44.Nb4xc2 { resign }
1-0

[Event "1/128 Finale"]
[Site "www.chess-mail.com"]
[Date "2015.03.02"]
[Round "1"]
[White "Fabos12"]
[Black "Kozakliuty"]
[WhiteElo "1830"]
[BlackElo "1480"]
[Result "0-1"]
[Round "1"]
1.e4 b6
2.d4 e6
3.Ng1f3 Bc8b7
4.Nb1c3 Bf8b4
5.Bf1d3 Bb4xc3
6.bxc3 Ng8e7
7.O-O O-O
8.Nf3h4 Ne7g6
9.Nh4f3 d6
10.c4 Nb8d7
11.Nf3e1 f5
12.exf5 exf5
13.Ne1f3 h6
14.d5 Nd7e5
15.Nf3d4 Qd8f6
16.Nd4e6 Ne5xd3
17.Ne6xf8 Ra8xf8
18.Bc1xh6 Nd3xf2
19.Rf1xf2 gxh6
20.Qd1h5 Qf6xa1
21.Rf2f1 Qa1d4
22.Kh1 Kh7
23.h3 Qd4xc4
24.Rf1xf5 Rf8xf5
25.Qh5xf5 Qc4xd5
26.Qf5d7 Kg8
27.Qd7e8 Kg7
28.Qe8d7 Kf6
29.Qd7d8 Ke6
30.Qd8g8 Kf5
31.Qg8xd5 Bb7xd5
32.Kg1 Bd5xa2
{ resign }
0-1

[Event "1/64 Finale"]
[Site "www.chess-mail.com"]
[Date "2015.03.02"]
[Round "1"]
[White "Birdchess"]
[Black "Maredocla"]
[WhiteElo "1660"]
[BlackElo "1980"]
[Result "1/2-1/2"]
[Round "1"]
1.d4 Ng8f6
2.c4 g6
3.Nb1c3 Bf8g7
4.e4 d6
5.h3 O-O
6.Bc1e3 Nb8d7
7.Bf1e2 c6
8.Ng1f3 a6
9.O-O b5
10.cxb5 axb5
11.a3 Bc8b7
12.Qd1c2 Qd8c7
13.Nc3xb5 Qc7c8
14.Nb5c3 Bb7a6
15.Be2xa6 Ra8xa6
16.Rf1d1 Qc8b7
17.b4 Rf8a8
18.Rd1b1 Ra6xa3
19.Ra1xa3 Ra8xa3
20.Rb1b3 Ra3a1
21.Rb3b1 Ra1xb1
22.Qc2xb1 h6
23.Nf3d2 e6
24.b5 cxb5
25.Qb1xb5 Qb7a8
26.g3 Qa8a1
27.Nc3b1 Kh7
28.Qb5d3 h5
29.Kg2 Qa1a8
30.Kh2 d5
31.e5 Nf6g8
32.Nb1c3 Ng8e7
33.Qd3b5 { draw }
1/2-1/2

[Event "Eq:chibcha-THE KILLERS 1 : "]
[Site "www.chess-mail.com"]
[Date "2015.03.02"]
[Round "1"]
[White "Karlgrocer"]
[Black "Saidgermany"]
[WhiteElo "2030"]
[BlackElo "1960"]
[Result "0-1"]
[Round "1"]
1.Ng1f3 d5
2.d4 Ng8f6
3.e3 e6
4.Bf1e2 c5
5.Be2b5 Bc8d7
6.Bb5xd7 Nb8xd7
7.c3 Bf8d6
8.b4 cxb4
9.cxb4 Bd6xb4
10.Bc1d2 Bb4d6
11.O-O O-O
12.Nb1c3 a6
13.Ra1b1 b5
14.a4 b4
15.Nc3a2 a5
16.Na2c1 Nd7b6
17.Rb1a1 Nb6c4
18.Nc1b3 Qd8b6
19.h3 Rf8c8
20.Bd2c1 Nf6e4
21.Nf3d2 Ne4xd2
22.Bc1xd2 Rc8c7
23.Qd1g4 Ra8c8
24.Bd2c1 Nc4a3
25.Bc1xa3 bxa3
26.Rf1b1 Qb6a6
27.Nb3c5 Bd6xc5
28.dxc5 Rc7xc5
29.Ra1xa3 Rc5c1
30.Rb1xc1 Rc8xc1
31.Kh2 g6
32.Ra3b3 Qa6c4
33.Rb3a3 Qc4xg4
34.hxg4 Rc1c4
35.Kg3 h6
36.Kf3 Kg7
37.g3 Kf6
38.Ra3a2 Kg5
39.Ra2a3 Rc4xg4
40.Ra3a2 Rg4c4
41.Kg2 e5
42.Kf3 f5
43.Kg2 d4
44.exd4 Rc4xd4
45.Kf3 f4
46.gxf4 exf4
47.Kg2 Kg4
48.Ra2a3 g5
{ resign }
0-1

[Event "Tourn. n7900"]
[Site "www.chess-mail.com"]
[Date "2015.03.03"]
[Round "1"]
[White "Tyty56"]
[Black "Danquigley"]
[WhiteElo "2320"]
[BlackElo "2600"]
[Result "0-1"]
[Round "1"]
1.e4 c5
2.Ng1f3 d6
3.c3 Ng8f6
4.Bf1b5 Nb8c6
5.Qd1e2 Bc8g4
6.h3 Bg4h5
7.d4 cxd4
8.cxd4 a6
9.Bb5xc6 bxc6
10.O-O e6
11.Bc1g5 d5
12.Nb1d2 Qd8b6
13.Ra1c1 Bf8b4
14.Qe2e3 Bh5xf3
15.gxf3 Nf6h5
16.a3 h6
17.Bg5h4 Bb4d6
18.e5 Bd6f8
19.Nd2b3 g5
20.Bh4g3 a5
21.Rc1c2 Ra8b8
22.Qe3c3 Bf8xa3
23.bxa3 Qb6xb3
24.Qc3xc6 Kf8
25.Rc2c3 Qb3b2
26.Rf1c1 Nh5xg3
27.fxg3 Qb2d2
28.Qc6c5 Kg7
29.Rc3c2 Qd2e3
30.Kg2 Rh8c8
31.Qc5e7 Qe3xc1
{ resign }
0-1

[Event "Tourn. n8052"]
[Site "www.chess-mail.com"]
[Date "2015.03.03"]
[Round "1"]
[White "Gene4267"]
[Black "Passaroa25"]
[WhiteElo "1499"]
[BlackElo "1500"]
[Result "0-1"]
[Round "1"]
1.e4 c6
2.d4 d6
3.Nb1c3 Nb8d7
4.Ng1f3 f6
5.Bf1c4 Nd7b6
6.Bc4b3 Bc8g4
7.O-O Bg4h5
8.Bc1f4 Bh5f7
9.Bb3xf7 Kxf7
10.Nc3e2 g5
11.Bf4e3 Ng8h6
12.Ne2g3 Nb6c4
13.Be3c1 e6
14.b3 Nc4b6
15.c4 Bf8g7
16.Ra1b1 Rh8f8
17.h3 Kg8
18.e5 Nh6f5
19.Bc1a3 Nf5xg3
20.fxg3 Rf8f7
21.exd6 Bg7f8
22.c5 Nb6d7
23.Nf3h2 f5
24.Nh2f3 Bf8h6
25.Ba3c1 Nd7f6
26.Bc1xg5 Bh6xg5
27.Nf3xg5 Rf7g7
28.Ng5xe6 Qd8e8
29.Ne6xg7 Kxg7
30.Rf1xf5 Qe8g6
31.Qd1f3 Nf6d5
32.Rb1f1 Ra8g8
33.Rf5f7 Kh8
34.Qf3f6 Nd5xf6
{ resign }
0-1

[Event "Tourn. n8094"]
[Site "www.chess-mail.com"]
[Date "2015.03.03"]
[Round "1"]
[White "Gorgo"]
[Black "Manolinex"]
[WhiteElo "2210"]
[BlackElo "2730"]
[Result "0-1"]
[Round "1"]
1.d4 d5
2.c4 e6
3.Nb1c3 Ng8f6
4.cxd5 exd5
5.Bc1g5 c6
6.e3 Bc8f5
7.Qd1f3 Bf5g6
8.Bg5xf6 Qd8xf6
9.Qf3xf6 gxf6
10.Kd2 Nb8d7
11.Bf1d3 O-O-O
12.h4 Rh8g8
13.g3 Bg6xd3
14.Kxd3 Bf8d6
15.Ng1f3 f5
16.Nc3xd5 cxd5
17.Ra1c1 Kb8
18.Nf3g5 Rg8g7
19.Rh1g1 Nd7f6
20.Rc1c2 Nf6e4
21.Ng5f3 Rd8c8
22.Rc2xc8 Kxc8
23.Rg1c1 Kd7
24.Ke2 Bd6b8
25.Nf3e1 Rg7g6
26.Ne1d3 Rg6c6
27.Rc1xc6 Kxc6
28.Nd3b4 Kd6
29.Nb4d3 a5
30.Nd3f4 a4
31.Kf3 b5
32.Nf4d3 Ke6
33.Ke2 Bb8d6
34.a3 h5
35.Nd3e1 Kd7
36.Ne1d3 Kc6
37.Kd1 b4
38.axb4 Kb5
39.Ke2 Bd6xb4
40.Nd3f4 Bb4c3
41.Kd3 Bc3xb2
42.Kc2 a3
43.f3 Ne4c3
44.Nf4d3 Nc3e2
45.Kb1 Kc4
{ resign }
0-1

[Event "Tourn. n7873"]
[Site "www.chess-mail.com"]
[Date "2015.03.03"]
[Round "1"]
[White "Asiamen"]
[Black "Bobjones"]
[WhiteElo "2110"]
[BlackElo "2240"]
[Result "0-1"]
[Round "1"]
1.e4 e5
2.Ng1f3 Nb8c6
3.Bf1b5 a6
4.Bb5a4 Ng8f6
5.d3 b5
6.Ba4b3 Bf8e7
7.c3 O-O
8.O-O d6
9.h3 h6
10.Rf1e1 Bc8b7
11.Bb3c2 Rf8e8
12.Nb1d2 Be7f8
13.Nd2f1 Bb7c8
14.Nf1g3 g5
15.Nf3h2 Bf8g7
16.f3 Nc6e7
17.Nh2g4 Bc8xg4
18.fxg4 Nf6h7
19.Ng3h5 Bg7h8
20.Re1f1 Ne7g6
21.g3 Re8f8
22.d4 Qd8e7
23.Bc1e3 Ra8d8
24.Qd1e2 c5
25.d5 f6
26.Ra1e1 Rf8f7
27.Qe2d1 Ng6f8
28.a4 Nf8d7
29.axb5 axb5
30.Qd1a1 Rf7f8
31.Qa1a6 Rd8b8
32.Re1a1 Rf8c8
 { time }
0-1

[Event "Tourn. n8105"]
[Site "www.chess-mail.com"]
[Date "2015.03.03"]
[Round "1"]
[White "Iko"]
[Black "Kesalon"]
[WhiteElo "1470"]
[BlackElo "1740"]
[Result "0-1"]
[Round "1"]
1.e4 e5
2.Ng1f3 Nb8c6
3.Bf1b5 a6
4.Bb5xc6 dxc6
5.Nf3xe5 Qd8d4
6.Ne5g4 Qd4xe4
7.Ng4e3 Bf8c5
8.Nb1c3 Qe4g6
9.Qd1e2 Bc8e6
10.f4 Bc5xe3
11.Qe2xe3 O-O-O
12.O-O Qg6xc2
13.Qe3e5 Ng8f6
14.f5 Be6d5
15.Rf1f2 Rh8e8
16.Qe5g3 Nf6e4
17.Qg3xg7 Ne4xf2
18.Kxf2 Qc2xf5
19.Kg3 Re8g8
20.Qg7xg8 Rd8xg8
21.Kh4 Qf5g4

0-1

[Event "Tourn. n7997"]
[Site "www.chess-mail.com"]
[Date "2015.03.03"]
[Round "1"]
[White "Generalfree"]
[Black "Samael"]
[WhiteElo "1840"]
[BlackElo "2090"]
[Result "0-1"]
[Round "1"]
1.e4 e5
2.Ng1f3 d6
3.Bf1c4 h6
4.c3 Ng8f6
5.d3 Bf8e7
6.a4 Nb8c6
7.b4 a6
8.a5 O-O
9.h3 Nf6h7
10.h4 Bc8d7
11.g3 Qd8c8
12.Nb1d2 Bd7e6
13.Bc4xe6 Qc8xe6
14.Qd1b3 Qe6xb3
15.Nd2xb3 f5
16.O-O fxe4
17.dxe4 Rf8xf3
{ resign }
0-1

[Event "Tourn. n8015"]
[Site "www.chess-mail.com"]
[Date "2015.03.03"]
[Round "1"]
[White "Olddog55"]
[Black "Azulmarino"]
[WhiteElo "1690"]
[BlackElo "1550"]
[Result "1-0"]
[Round "1"]
1.d4 d5
2.Ng1f3 Bc8f5
3.e3 Nb8c6
4.Nf3e5 Qd8d6
5.f4 Ng8f6
6.Nb1d2 Qd6e6
7.Bf1e2 g6
8.g4 Bf5e4
9.Nd2xe4 Nf6xe4
10.O-O Bf8g7
11.f5 gxf5
12.gxf5 Qe6h6
13.Be2h5 Bg7xe5
14.dxe5 Rh8g8
15.Kh1 Rg8g5
16.Bh5g4 Ne4g3
17.Kg1 Ng3xf1
18.Kxf1 Qh6xh2
19.Qd1f3 Nc6xe5
20.Qf3f4 Rg5xg4
21.Qf4xh2 Ne5f3
22.Qh2xh7 O-O-O
23.f6 Nf3g5
24.Qh7h5 Rg4g3
25.fxe7 Rd8e8
26.e4 Re8xe7
27.Bc1xg5 Re7d7
28.Qh5h8 Rd7d8
29.Qh8xd8 { resign }
1-0

[Event "Tourn. n7991"]
[Site "www.chess-mail.com"]
[Date "2015.03.03"]
[Round "1"]
[White "Liencam2"]
[Black "Cardiff"]
[WhiteElo "2260"]
[BlackElo "2030"]
[Result "1-0"]
[Round "1"]
1.e4 e6
2.Qd1e2 c5
3.g3 Nb8c6
4.c3 d6
5.Bf1g2 Bf8e7
6.Ng1f3 Ng8f6
7.O-O O-O
8.d4 cxd4
9.cxd4 d5
10.e5 Nf6d7
11.Nb1c3 a6
12.Bc1e3 b5
13.Qe2d2 Nd7b6
14.b3 Bc8b7
15.Ra1c1 Be7b4
16.Qd2d3 h6
17.Nc3e2 Bb4e7
18.Nf3d2 Be7a3
19.Rc1d1 Ra8c8
20.f4 Nc6b4
21.Qd3b1 Nb4c2
22.Rf1f3 Nc2xe3
23.Rf3xe3 Ba3e7
24.g4 Be7b4
25.Nd2f1 Qd8d7
26.Nf1g3 Bb4e7
27.f5 Be7g5
28.Re3f3 Rf8d8
29.Rd1f1 Rd8f8
30.Ng3h5 b4
31.Qb1e1 a5
32.h4 Bg5e7
33.f6 gxf6
34.Nh5xf6 Be7xf6
35.Rf3xf6 Kg7
36.Qe1d2 { resign }
1-0

[Event "Tourn. n8121"]
[Site "www.chess-mail.com"]
[Date "2015.03.03"]
[Round "1"]
[White "T9l9"]
[Black "Fred"]
[WhiteElo "1899"]
[BlackElo "2060"]
[Result "1-0"]
[Round "1"]
1.d4 d5
2.c4 Bc8g4
3.cxd5 Qd8xd5
4.Nb1c3 Qd5d8
5.f3 Bg4h5
6.e4 e6
7.Bc1e3 Bf8b4
8.Qd1b3 Bb4xc3
9.bxc3 b6
10.Qb3b5 Qd8d7
11.Qb5xh5 Ng8f6
12.Qh5h4 Nb8c6
13.Ng1h3 O-O-O
14.Bf1a6 Kb8
15.O-O h6
16.Rf1d1 g5
17.Qh4e1 Nf6h5
18.Ba6b5 Qd7d6
19.e5 Qd6d7
20.c4 a6
21.Bb5a4 b5
22.cxb5 Nc6a7
23.d5 axb5
24.Be3xa7 Kxa7
25.Qe1a5 Kb7
26.Ba4xb5 Rd8a8
27.Bb5c6 { resign }
1-0